|
|
|
|
| LEADER |
00000nam a2200000Ia 4500 |
| 008 |
180417b1996 cr ||||| |||| 00| | spa d |
| 999 |
|
|
|c 1715
|d 1715
|
| 090 |
|
|
|a 06.03.04
|b 544
|
| 245 |
1 |
0 |
|a Memoria /
|c Lidia Hernández Rojas, Carmen Roldán Chacón, editoras
|
| 260 |
|
|
|a San José, Costa Rica :
|b EUNED,
|c 1996
|
| 300 |
|
|
|a 187 páginas
|
| 500 |
|
|
|a Acuerdo bilateral para el desarrollo sostenible Costa Rica- Reino de los Países Bajos
|
| 650 |
1 |
4 |
|a EDUCACIÓN AMBIENTAL
|9 439
|
| 650 |
1 |
4 |
|a DESARROLLO SOSTENIBLE
|9 443
|
| 650 |
1 |
4 |
|a PROTECCIÓN AMBIENTAL
|9 3120
|
| 700 |
1 |
|
|a Hernández Rojas, Lidia
|9 233
|e Editor/a
|
| 700 |
|
|
|a Roldán Chacón, Carmen
|9 3556
|e Editor/a
|
| 711 |
|
|
|9 3557
|a Seminario Taller "Incorporación de la Educación Ambiental para un Desarrollo Sostenible en diferentes sectores de la sociedad costarricense" [1995 : San José, Costa Rica]
|
| 942 |
|
|
|i 00932
|h 06.03.04 544
|2 z
|c 01
|